000
00307nam a2200133Ia 4500
008
191201s2003 xx 000 0 und d
082
_a
620.112
_b
SAS
100
_a
SARKAR, B K
245
0
_a
Strength of Materials
260
_a
N.Delhi
_b
TMH
_c
2003
300
_a
388
650
_a
B.Tech(ME)
942
_2
ddc
_c
BK
999
_c
1358
_d
1358